El hombre autorrealizado: hacia una psicología del ser
Shranjeno v:
| Glavni avtor: | |
|---|---|
| Format: | Knjiga |
| Jezik: | španščina |
| Izdano: |
Barcelona
Kairós
1995
|
| Izdaja: | 11a. ed |
| Serija: | Colección Psicología
|
| Teme: | |
| Oznake: |
Označite
Brez oznak, prvi označite!
|
MARC
| LEADER | 00000nam a2200000 a 4500 | ||
|---|---|---|---|
| 001 | UCP0117 | ||
| 003 | CL-VaPUC | ||
| 005 | 20240130120701.0 | ||
| 008 | 990128e19950000SP |||||||||||||||||spa|d | ||
| 999 | |c 279002 |d 279000 | ||
| 040 | |c Pontificia Universidad Católica de Valparaíso | ||
| 082 | 0 | 4 | |a 155.2 |b MAS |2 21 |
| 100 | |a Maslow, Abraham Harold |e autor |9 335925 | ||
| 245 | 1 | 3 | |a El hombre autorrealizado: hacia una psicología del ser |
| 250 | |a 11a. ed | ||
| 260 | |a Barcelona |b Kairós |c 1995 | ||
| 300 | |a 292 p | ||
| 490 | 0 | |a Colección Psicología | |
| 583 | |a last modification |c 19990128 00:00:00 |k Rodrigo Vera | ||
| 650 | 0 | |a Psicología del desarrollo |9 307541 | |
| 650 | 0 | |a Psicología de la salud |9 887402 | |
| 650 | 0 | |a Desarrollo Personal |9 390751 | |
| 650 | 0 | |a Conocimiento de sí mismo |9 887403 | |
| 650 | 0 | |a Valores (Filosofía) |9 256541 | |
| 942 | |c BK |2 ddc | ||
| 945 | |d 19990128 00:00:00 |a aarredon | ||
| 952 | |0 0 |1 0 |4 0 |6 155_200000000000000_MAS_1995 |7 0 |8 R |9 317857 |a BIBGIM |b BIBGIM |d 2019-11-20 |i 3496031 |o 155.2 MAS 1995 |p 3496031 |r 2025-01-15 |w 2019-11-20 |y BK_R |k SSL | ||
| 952 | |0 0 |1 0 |4 0 |6 155_200000000000000_MAS_1995 |7 0 |8 R |9 317858 |a BIBGIM |b BIBGIM |d 2019-11-20 |i 349604K |o 155.2 MAS 1995 |p 349604K |r 2025-01-15 |w 2019-11-20 |y BK_R |k SSL | ||